banner-ar

ثلاثة كتاب سود ثلاث قصص من افريقيا السوداء / (Record no. 40407)

MARC details
000 -الفاتح
حقل البيانات ثابتة الطول 00670nam a2200229Ia 4500
008 - عناصر البيانات ثابتة الطول - معلومات عامة
حقل البيانات ثابتة الطول 140319s9999 xx 000 0 ara d
040 ## - مصدر الفهرسة
وكالة الفهرسة الأصلية GCL /
وكالة النسخ GCL
082 04 - رقم تصنيف ديوى العشرى
رقم التصنيف 896.762
رقم المادة ا ث
100 1# - المدخل الرئيسى - إسم شخصى
الإسم الشخصى يحيى سعد
245 10 - بيان العنوان
العنوان ثلاثة كتاب سود ثلاث قصص من افريقيا السوداء /
بيان المسئوليه,etc يحيى سعد
700 1# - المدخل الاضافى - اسم شخصى
الإسم الشخصى على درويش (مترجم)
700 1# - المدخل الاضافى - اسم شخصى
الإسم الشخصى اذاموتو
700 1# - المدخل الاضافى - اسم شخصى
الإسم الشخصى مالونجا جان
300 ## - الوصف المادى
التعداد 522 ص
490 ## - بيان السلسلة
عنوان السلسلة
650 04 - المدخل الاضافى بالموضوع-مصطلح موضوعى
مصطلح موضوعي الادب
650 04 - المدخل الاضافى بالموضوع-مصطلح موضوعى
مصطلح موضوعي الادب الافريقى
650 04 - المدخل الاضافى بالموضوع-مصطلح موضوعى
مصطلح موضوعي القصة المترجمة
650 04 - المدخل الاضافى بالموضوع-مصطلح موضوعى
مصطلح موضوعي القصص الافريقية
942 ## - عناصر المدخل الإضافي( كوها)
مصدر التصنيف او مخطط الترفيف Dewey Decimal Classification
Koha [default] item type كتاب
Holdings
حالة التراجع حالة الفقد حالة تلف ليس للاعارة المكان المؤقت الموقع الحالى تاريخ الاكتساب اجمالي اﻻعارات رقم الطلب الباركود تاريخ اخر مشاهدة تاريخ تفعيل السعر نوع وعاء كوها
        مكتبة القاهرة الكبرى مكتبة القاهرة الكبرى 03/26/2014   896.762\ا ث 97923 03/26/2014 03/26/2014 كتاب

Powered By

EGPV